| 000 | 00844nam a22002057a 4500 | ||
|---|---|---|---|
| 003 | AM-YeHGA | ||
| 005 | 20250617153826.0 | ||
| 008 | 180130b xxu||||| |||| 00| 0 rus d | ||
| 040 | _aAM-YeHGA | ||
| 041 | 0 | _arus | |
| 100 | 1 | _aХадалов, Петр Иннокентьевич. | |
| 245 | 0 | 0 |
_aЛесостепные культуры скифского времени / _cкад. наук СССР. Ин-т археологии; |
| 260 |
_aМосква : _b Изд-во Акад. наук СССР, _c1962. |
||
| 300 |
_a152 с. : _bил. |
||
| 440 | 0 |
_aМатериалы и исследования по археологии СССР _v№ 113 |
|
| 653 | 0 | _aСкифская культура - Памятники - Сборники | |
| 710 | 2 | _aИн-т археологии АН СССР. | |
| 942 |
_2udc _cBK |
||
| 090 | _c400986 | ||
| 999 |
_c398854 _d398854 |
||